Černé miliardy /

Gespeichert in:
Bibliographische Detailangaben
1. Verfasser: Hronek, Jiří (Verfasst von)
Format: Buch
Sprache:Tschechisch
Veröffentlicht: Praha : Mladá fronta, 1976
Schlagworte:
Tags: Tag hinzufügen
Keine Tags, Fügen Sie das erste Tag hinzu!

MARC

LEADER 00000nam a22000003a 4500
001 stu36989
005 20150617225726.8
008 920625s1976----cs------------------cze-d
040 |a STU  |b slo 
041 0 |a cze 
044 |a cs 
080 |a 553.982 
100 1 |a Hronek, Jiří  |4 aut 
245 1 |a Černé miliardy /  |c [aut.]Jiří Hronek 
260 |a Praha :  |b Mladá fronta,  |c 1976 
300 |a 235 s 
650 7 |a ropa  |2 stusub 
650 7 |a Nafta  |2 stusub 
996 |b 284M012186  |c M*6117-1  |l MMKN  |s A  |a 24  |w stu36989_0001